000
00298nam a22001337a 4500
008
170606b xxu||||| |||| 00| 0 eng d
020
_a
015184860
041
_a
eng
080
_a
94(6)
100
_a
18
101
_a
SHH
245
_a
SQUANDERING EDEN AFRICA THE
_c
ROSENBLUM.M
942
_2
udc
_c
BK
999
_c
16119
_d
16119